| 000 | 00795cab a2200241 4500 | ||
|---|---|---|---|
| 001 | WB3411-21 | ||
| 008 | 090401t1998 xxu||||| |||| 00| 0 eng d | ||
| 035 | _a(Sirsi) u85075 | ||
| 041 | _aeng | ||
| 245 | _aEU safety net | ||
| 260 | _c1998 | ||
| 350 | _a0 | ||
| 490 |
_aFinancial Times _v19 March 1998, 10(1) |
||
| 520 | _aPoor UK areas may not lose as much as initially feared with the cuts in EU funding. A safety net (the new Objective 2 category) limits the losses for each member state, in terms of the percentage population covered, to no more than a third. | ||
| 650 | _aEU FUNDING | ||
| 650 | _aEUROPEAN COMMISSION | ||
| 650 | _aOBJECTIVE 2 | ||
| 650 | _aREGIONAL AID | ||
| 650 | _aSTRUCTURAL FUNDS | ||
| 690 | _aECONOMIC AND SOCIAL | ||
| 942 | _n0 | ||
| 948 | _c19/03/1998 | ||
| 999 |
_c53491 _d53491 |
||